Statistics for Big words. What do they mean?

Click here to take the quiz!

General Stats

  • This quiz has been taken 16 times
  • The average score is 2 of 15

Answer Stats

HintAnswer% Correct
hyperboleexaggeration
50%
TintinnabulationThe sound of bells ringing
44%
spelunkingcave exploring
31%
DodecahedronA 12-faced polygon
13%
FunambulismTightrope walking
13%
circumnavigationtraveling around the world
13%
TriskaedekaphobiaThe fear of the number 13
6%
psychsomaticsAn illness aggravated by mental issues
0%
Procurator fiscalA Scottish public prosecutor
0%
onomatopoeiaA word that comes from the actual sound
0%
existentialistfree-willed
0%
irreverencelack of respect
0%
AntidisestablishmentarianismOpposition to the withdrawal of state support from an established church
0%
floxinoxinihilpilificationranting about nothing
0%
CampanologyThe practice of making the above happen
0%

Score Distribution

Percentile by Number Answered

Percent of People with Each Score

Your Score History

You have not taken this quiz